=LDR 00000nam 2200000 4500 =001 000248 =005 20250710121332 =035 ##$$a 0010-0725000075 =245 1#$$a Piknik /$c Amar Goswarni =100 #$$a Amar Goswarni =250 ##$$a Cetakan Pertama =300 ##$$a 16 hlm. : $b Ilus. ; $c 21 cm. =856 ##$$a TBM AS SUHADA =260 ##$$a Rawamangun :$b Badan Pengembangan dan Pembinaan Bahasa,$c 2022 =082 ##$$a 398.209 598 =084 ##$$a 398.209 598 GOS p =020 ##$$a 978-623-307-463-6 =650 #4$$a Cerita Anak Indonesia - Terjemahan =650 #4$$a Literasi - Bahan bacaan